000 00726nam a22001577a 4500
003 OSt
005 20151209105424.0
008 151209b xxu||||| |||| 00| 0 eng d
040 _cRUA
082 _aATM HEM 2006 B194 Or.1
100 _94581
_aHEM VANNARET; ហែម វណ្ណារ៉េត.
245 _aIrrigation system and device application of farmers in battambang province, ការប្រើប្រាស់ឧបករណ៍ស្រោចស្រព និងប្រព័ន្ធធារាសាស្រ្ត របស់កសិករ នៅក្នុងខេត្្តបាត់ដំបង
260 _aPhnom Penh
_bRUA
_c2006
300 _axv; 45p.
_bill.
_c29cm.
942 _2ddc
_cATM
999 _c4269
_d4269